Statistics for Fast Typing 1 to 100 with Your Weak Hand

Click here to take the quiz!

General Stats

  • This quiz has been taken 31 times
  • The average score is 78 of 100

Answer Stats

#% Correct
1
100%
10
100%
11
100%
12
100%
13
100%
14
100%
2
100%
3
100%
4
100%
5
100%
6
100%
7
100%
8
100%
9
100%
15
96%
16
96%
17
96%
18
96%
19
93%
21
93%
22
93%
31
93%
32
93%
20
89%
23
89%
24
89%
26
89%
27
89%
28
89%
29
89%
30
89%
33
89%
34
89%
35
89%
36
89%
37
89%
25
86%
38
86%
40
86%
44
86%
39
82%
41
82%
42
82%
43
82%
45
82%
46
82%
47
82%
50
82%
55
82%
60
82%
48
79%
49
79%
51
79%
52
79%
53
79%
54
79%
56
79%
57
79%
58
79%
59
79%
61
79%
62
79%
66
79%
63
75%
64
75%
65
75%
67
75%
68
75%
69
75%
70
75%
71
68%
77
68%
72
64%
73
64%
74
64%
75
64%
80
64%
76
61%
81
61%
88
61%
78
57%
79
57%
82
57%
83
57%
84
57%
90
57%
99
57%
85
54%
86
54%
87
54%
91
54%
92
54%
100
50%
89
50%
93
50%
94
50%
95
50%
96
50%
97
50%
98
50%

Score Distribution

Percentile by Number Answered

Percent of People with Each Score

Your Score History

You have not taken this quiz